Общее австрийское гражданское уложение с извлечениями из последовавших к нему, дополнительных узаконений в русском переводе и кратким комментарием, составленным по Кирхштеттеру. [Вып. 1] (Запись № 3242897)

Подробности
000 -МАРКЕР
контрольное поле 01790nam2a22002651 4500
001 - ИДЕНТИФИКАТОР ЗАПИСИ
контрольное поле v19\rc\1512509
005 - ИДЕНТИФИКАТОР ВЕРСИИ
контрольное поле 20250618165443.0
035 ## - ДРУГИЕ СИСТЕМНЫЕ НОМЕРА
Идентификатор записи (NLR Aleph) 004636974
100 ## - ДАННЫЕ ОБЩЕЙ ОБРАБОТКИ
Данные общей обработки 20060620d1884 |||y0rusy50 ca
101 1# - ЯЗЫК РЕСУРСА
Язык текста, звукозаписи и т.д. русский
Язык оригинала немецкий
102 ## - СТРАНА ПУБЛИКАЦИИ ИЛИ ПРОИЗВОДСТВА
Страна публикации Российская Федерация
105 ## - ПОЛЕ КОДИРОВАННЫХ ДАННЫХ: ТЕКСТОВЫЕ МАТЕРИАЛЫ, МОНОГРАФИЧЕСКИЕ
Кодированные данные о монографическом текстовом документе y z |||||
200 0# - ЗАГЛАВИЕ И СВЕДЕНИЯ ОБ ОТВЕТСТВЕННОСТИ
Основное заглавие [Вып. 1]
210 ## - ПУБЛИКАЦИЯ, РАСПРОСТРАНЕНИЕ И ДР.
Дата издания, распространения и т.д. 1884
Место издания, распространения и т.д. Б. м.
215 ## - ФИЗИЧЕСКАЯ ХАРАКТЕРИСТИКА
Специфическое обозначение материала и объем [4], VIII, 198 с.
461 #0 - УРОВЕНЬ НАБОРА
Встроенное поле 001v19\rc\1512508
-- 2001#$aОбщее австрийское гражданское уложение с извлечениями из последовавших к нему, дополнительных узаконений в русском переводе и кратким комментарием, составленным по Кирхштеттеру$fПер. [снабдил предисл.] и комментировал канд. прав С.-Петерб. ун-та В.А. Сумовский. [Вып. 1]-$v[Вып. 1]
-- 700#1$aСумовский$bВ.А.
Системный номер (АБИС) связанной записи 3242888
Автор Сумовский, В.А.
Место публикации Киев
Дата публикации 1884
Первые сведения об ответственности Пер. [снабдил предисл.] и комментировал канд. прав С.-Петерб. ун-та В.А. Сумовский. [Вып. 1]-
Имя издателя, распространителя и т.д. тип. И. и А. Давиденко
Заглавие Общее австрийское гражданское уложение с извлечениями из последовавших к нему, дополнительных узаконений в русском переводе и кратким комментарием, составленным по Кирхштеттеру
Номер тома [Вып. 1]
801 #0 - ИСТОЧНИК ЗАПИСИ
Страна Российская Федерация
Организация NLR
Правила каталогизации psbo
801 #0 - ИСТОЧНИК ЗАПИСИ
Страна Российская Федерация
Организация RuMoRGB
Источник данных psbo
801 #1 - ИСТОЧНИК ЗАПИСИ
Страна Российская Федерация
Организация ProSoft-M
Источник данных rusmarc
852 ## - МЕСТОНАХОЖДЕНИЕ И ШИФР ХРАНЕНИЯ
Идентификатор организации NLR
Шифр хранения (Call Number) 18.167.4.72
899 ## - ДАННЫЕ О МЕСТОНАХОЖДЕНИИ (устаревшее)
Местонахождение RuMoRGB
Шифр хранения T 27/448
899 ## - ДАННЫЕ О МЕСТОНАХОЖДЕНИИ (устаревшее)
Местонахождение НБ МГУ
942 ## - ДОПОЛНИТЕЛЬНЫЕ ЭЛЕМЕНТЫ ЗАПИСИ (АБИС)
Тип экземпляра АБИС Книга
980 ## - КОЛЛЕКЦИЯ
Название коллекции Национальная библиография
Экземпляры
Тип экземпляра Дата поступления Библиотека постоянного хранения Библиотека текущего хранения Место хранения Шифр хранения Штрих-код Статус экземпляра
Книга 26.10.2013 РНБ (Московский) РНБ (Московский) Неопределен, для заказа не доступен, в ЭК виден   4636974-30  
Книга 26.10.2013 РНБ (Садовая) РНБ (Садовая) Русский книжный фонд -Главное здание, Ленинский читальный зал 18.167.4.72 4636974-10